LEADER 01756nam0 2200397 i 450 001 RML0074718 005 20231121125654.0 010 $a8814071977 020 $aIT$b99-4014 100 $a19981215d1998 ||||0itac50 ba 101 | $aita 102 $ait 181 1$6z01$ai $bxxxe 182 1$6z01$an 200 1 $a˜L'œamministrazione della giustizia nella Repubblica romana del 1798-99$fMario Battaglini 210 $aMilano$cGiuffrè$d\1998! 215 $aX, 166 p., \2! c. di tav$d22 cm 300 $aSegue: Appendice. 606 $aRepubblica romana <1798-1799>-Ordinamento giudiziario$2FIR$3RMLC380680$9I 606 $aRepubblica romana. 1798-1799$2FIR$3RMLC053704$9I 606 $aRoma$xCarceri$xSec. 18.$2FIR$3RMLC166287$9I 606 $aRoma$xOrdinamento giudiziario$x1798-1799$2FIR$3RMLC166289$9I 676 $a347.456$9DIRITTO PROCESSUALE CIVILE E TRIBUNALI CIVILI. ITALIA CENTRALE E CITTA DEL VATICANO$v21 676 $a945.632082$9$v21 700 1$aBattaglini$b, Mario$3CFIV010738$4070$068704 801 3$aIT$bIT-01$c19981215 850 $aIT-RM0459 $aIT-RM0285 $aIT-RM0211 $aIT-FR0017 899 $aARCHIVIO DI STATO DI ROMA$bRM0459 899 $aBiblioteca Dell'Istituto Nazionale Di Studi Romani$bRM0285 899 $aFondazione Marco Besso$bRM0211 899 $aBiblioteca umanistica Giorgio Aprea$bFR0017 $eN 912 $aRML0074718 950 0$aBiblioteca umanistica Giorgio Aprea$d 52MAG 2/103$e 52FLS0000248925 VMB RS $fA $h20190108$i20190108 977 $a 12$a 13$a 14$a 52 996 $aAmministrazione della giustizia nella repubblica romana del 1798-99$9703931 997 $aUNICAS LEADER 01259nam2 22002891i 450 001 UON00516953 005 20231205105526.51 100 $a20230831d1975 |0itac50 ba 101 $ager 102 $aDE 105 $a|||| ||||| 200 1 $aˆ3: ‰Aufsätze, Vorträge, Essays zur Kunst$fOscar Kokoschka 210 $aHamburg$cH. Christians$d1975 215 $a351 p., [16] carte di tav.$cill.$d22 cm 461 1$1001UON00211741$12001 $aˆDas ‰schriftliche Werk$fOskar Kokoschka$gherausgegeben von Heinz Spielmann$1210 $aHamburg$cChristians$d1973-1976$1215 $a4 volumi$d22 cm$v3 606 $aLetteratura tedesca$xMiscellanea$3UONC101312$2FI 620 $aDE$dHamburg$3UONL003222 676 $a838.91$cMiscellanea tedesca. 1900-1990$v21 700 1$aKOKOSCHKA$bOscar$3UONV289556$0562614 702 1$aSPIELMANN$bHeinz$3UONV156743 712 $aChristians$3UONV270749$4650 801 $aIT$bSOL$c20251107$gRICA 899 $aSIBA - SISTEMA BIBLIOTECARIO DI ATENEO$2UONSI 912 $aUON00516953 950 $aSIBA - SISTEMA BIBLIOTECARIO DI ATENEO$dSI F. Goethe 830 KOK 3348 $eSI 45185 5 3348 996 $aAufsätze, Vorträge, Essays zur Kunst$93894714 997 $aUNIOR